00421nam a2200145Ia 45000030006000000050017000060080041000230400009000640410012000730820017000851000022001022450129001242600014002533000008002670Nust20170105110300.0161124s9999 xx 000 0 und d cIGIS aEnglish a910.285bCHA aKang -Tsung Chang aGovernment of pakistan ministry of Food and Agriculture Soil Survey of Pakistan Reconnaissance Soil Survery Chilas Area 1978 ausac2012 a441